000 00703nam a2200241Ia 4500
003 OSt
005 20221006165653.0
006 a|||||r|||| 00| 0
007 ta
008 221006b |||||||| |||| 00| 0 eng d
024 _a7,819
037 _cDissertations
040 _aFML
_cFML
_beng
041 _2eng
_aeng
100 _aJayanti Venkataraman Au.
_9680251
110 _aDelhi University. Faculty of Music and Fine Arts. Department of Music
245 0 _aThe Indore Gharana
260 _c1988
300 _a151
_ccm.
700 _aDelhi University. Faculty of Music and Fine Arts. Department of Music
942 _cDIS
_2CC
999 _c1121656
_d1121656